İn confidence: (Record no. 12854)

MARC details
000 -BAŞLIK
Sabit Uzunlukta Kontrol Alanı 00810nam a22002297a 4500
999 ## - SİSTEM KONTROL NUMARALARI (KOHA)
Koha Biblionumber 12854
Koha Biblioitemnumber 12854
003 - KONTROL NUMARASI IDENTIFIER
Denetim Alanı MIRAKIL
005 - SON İŞLEM TARİHİ VE ZAMANI
Denetim Alanı 20190305150734.0
008 - SABİT-BOY VERİ ELEMANLARI - GENEL BİLGİLER
Sabit Uzunlukta Kontrol Alanı 190305b tu ||||| |||| 00| 0 tur d
020 ## - ULUSLARARASI STANDART KİTAP NUMARASI
Uluslararası Standart Kitap Numarası 0812923286
040 ## - KATALOGLAMA KAYNAK
Orijinal Kataloglama Ajansı TR-AnCHP
Metne Dönüştürmek Ajansı TR-AnCHP
041 ## - DİL KODU
Metin / Ses Parça Veya Ayrı Başlığın Dil Kodu eng
082 ## - DEWEY ONLU SINIFLANDIRMA NUMARASI
Sınıflandırma Numarası 327.2092
Ürün Numarası D61i 1995
100 ## - ANA GİRİŞ - KİŞİSEL İSİM
Kişisel Ad Dobrynin, Anatoly Federovich
245 10 - BAŞLIK TABLOSU
Başlık İn confidence:
Başlığın Kalan Moscows ambassador to America's sıx cold war presidents/
Sorumluluk Tablosu, Vb Anatoly Federovich Dobrynin.
260 ## - YAYIN, DAĞITIM, VB
Yayın, Dağıtım, Vb Yeri New York:
Yayıncı, Dağıtıcı, Vs Adı Times Books,
Yayın, Dağıtım, Vb Tarihi 1995.
300 ## - FİZİKSEL TANIM
Kapsam 672 s.:
Boyutlar 24 sm.:
504 ## - KAYNAKÇA VB NOT
Kaynakça Vb Notu Dizin vardır.
600 #0 - KONU KATMA GİRİŞ - KURUMSAL ADI
9 (RLIN) 5323
Kişisel Ad Dobrynin, Anatoly Federovich
Bir Adıyla İlişkilendirilen Tarihler 1919-2010
650 #0 - KONU KATMA GİRİŞ - TOPİKAL DÖNEM
9 (RLIN) 5324
Topikal Süreli Veya Coğrafi Ad Giriş Elemanı Büyükelçiler
Genel Alt Bölümü Sovyetler Birliği
-- yaşamöyküsü
651 #0 - KONU KATMA GİRİŞ - COĞRAFİ ADI
9 (RLIN) 5270
Coğrafi İsim Amerika Birleşik Devletleri (ABD)
Genel Alt Bölümü Dış ilişkiler
-- Sovyetler Birliği
942 ## - EKLENDİ GİRİŞ ELEMANLARI (KOHA)
Sınıflandırma Veya Raf Düzeni Kaynak Dewey Decimal Classification
Koha Öğesi Türü Books
Holdings
Kalıcı Konum Mevcut Konum Edinme Tarihi Toplam Check-Out'Lar Tam Çağrı Numarası Barkod Tarih Son Görülme İtibaren Geçerli Fiyatlar Sigara Kamu Notu Koha Öğesi Türü
CHP Kütüphanesi CHP Kütüphanesi 03/05/2019   327.2092 D61i 1995 018942 03/05/2019 03/05/2019 Ertuğrul Çepni bağışıdır. Books